000 00367nam a2200133 i 4500
001 bg
100 1 _aJarzębowski, Władysław.
245 0 _aTermosprężyste spiętrzenia naprężeń w zmiennych w czasie polach... /
_cW. Jarzębowski.
260 _aWarszawa,
_c1984.
040 _cBPK
041 _apol
942 _cKS
008 s pl f |000 0 pol
999 _c22765
_d22765
856 _uhttp://koha.tu.koszalin.pl/cgi-bin/koha/opac-detail.pl?biblionumber=22765
_yKatalog online BPK